Pharachi galpa (Record no. 3978)
[ view plain ]
| 000 -LEADER | |
|---|---|
| fixed length control field | 00508cam a2200193ua 4500 |
| 008 - FIXED-LENGTH DATA ELEMENTS--GENERAL INFORMATION | |
| fixed length control field | 170818n ii |||gr||||Z||||||asm |
| 040 ## - CATALOGING SOURCE | |
| Transcribing agency | MAIN |
| 041 ## - LANGUAGE CODE | |
| -- | asm |
| 082 ## - DEWEY DECIMAL CLASSIFICATION NUMBER | |
| Classification number | 891.4513 |
| 100 ## - MAIN ENTRY--PERSONAL NAME | |
| Personal name | Barkataki, Satyendranath, |
| Relator term | |
| 245 ## - TITLE STATEMENT | |
| Title | Pharachi galpa |
| Statement of responsibility, etc. | Transl. by Satyendranath Barkataki |
| 250 ## - EDITION STATEMENT | |
| Edition statement | 4th. |
| 260 ## - PUBLICATION, DISTRIBUTION, ETC. | |
| Place of publication, distribution, etc. | Guwahati: |
| Name of publisher, distributor, etc. | Publication board assam, |
| Date of publication, distribution, etc. | 2008. |
| 300 ## - PHYSICAL DESCRIPTION | |
| Extent | 205p: |
| Dimensions | 23cm. |
| 942 ## - ADDED ENTRY ELEMENTS (KOHA) | |
| Koha item type | Books |
| 653 ## - INDEX TERM--UNCONTROLLED | |
| Uncontrolled term | Assamese short stories |
| 653 ## - INDEX TERM--UNCONTROLLED | |
| Uncontrolled term | Pharachi galpa |
| Withdrawn status | Lost status | Damaged status | Not for loan | Home library | Current library | Shelving location | Date acquired | Total Checkouts | Full call number | Barcode | Date last seen | Date last checked out | Copy number | Price effective from | Koha item type |
|---|---|---|---|---|---|---|---|---|---|---|---|---|---|---|---|
| Central Library, Naharkatiya College | Central Library, Naharkatiya College | General Stacks | 19/09/2020 | 2 | 891.4513 | PHA | 18882 | 26/02/2025 | 15/02/2025 | 1 | 19/09/2020 | Books | ||||
| Central Library, Naharkatiya College | Central Library, Naharkatiya College | General Stacks | 19/09/2020 | 2 | 891.4513 | PHA | 21330 | 20/01/2025 | 11/12/2024 | 2 | 19/09/2020 | Books | ||||
| Central Library, Naharkatiya College | Central Library, Naharkatiya College | General Stacks | 19/09/2020 | 2 | 891.4513 | PHA | 21331 | 16/09/2022 | 12/09/2022 | 3 | 19/09/2020 | Books | ||||
| Central Library, Naharkatiya College | Central Library, Naharkatiya College | General Stacks | 19/09/2020 | 891.4513 | PHA | 21332 | 19/09/2020 | 4 | 19/09/2020 | Books |
